00448nam a22001337a 4500003000500000038001800005082000800023100002500031245009800056264003400154650003200188700003700220856005700257NUST aNusrat Nadeem a200 aAbdul Kashif Janjua, aWay forward to Smart Grid Optimization - A Solar PV Policy Perspective/cJanjua, Abdul Kashif aIslamabad:bSEECS NUSTc2025. aPhD-Electrical Engineering  aSupervisor: Prof Dr. Naima Iltaf uhttp://10.250.8.41:8080/xmlui/handle/123456789/57433